<?xml version="1.0" encoding="UTF-8"?>
<marc:record xmlns:marc="http://www.loc.gov/MARC21/slim">
   <marc:leader>00000nam a2200000 a 4500</marc:leader>
   <marc:datafield ind1="1" ind2=" " tag="100">
      <marc:subfield code="a">Weiss, Walter M.</marc:subfield>
      <marc:subfield code="4">aut</marc:subfield>
      <marc:subfield code="e">Verfasser/-in</marc:subfield>
   </marc:datafield>
   <marc:datafield ind1=" " ind2=" " tag="653">
      <marc:subfield code="a">Softcover / Reisen/Reiseführer/Europa</marc:subfield>
   </marc:datafield>
   <marc:datafield ind1=" " ind2=" " tag="653">
      <marc:subfield code="a">Wien</marc:subfield>
   </marc:datafield>
   <marc:datafield ind1=" " ind2=" " tag="653">
      <marc:subfield code="a">Wien Reiseführer</marc:subfield>
   </marc:datafield>
   <marc:datafield ind1=" " ind2=" " tag="653">
      <marc:subfield code="a">Wien Reiseführer 2023</marc:subfield>
   </marc:datafield>
   <marc:datafield ind1=" " ind2=" " tag="653">
      <marc:subfield code="a">Reiseführer Wien</marc:subfield>
   </marc:datafield>
   <marc:datafield ind1=" " ind2=" " tag="653">
      <marc:subfield code="a">Reiseführer Wien 2023</marc:subfield>
   </marc:datafield>
   <marc:datafield ind1=" " ind2=" " tag="653">
      <marc:subfield code="a">Reiseführer Wien Kinder</marc:subfield>
   </marc:datafield>
   <marc:datafield ind1=" " ind2=" " tag="653">
      <marc:subfield code="a">Reiseführer Wien mit Stadtplan</marc:subfield>
   </marc:datafield>
   <marc:datafield ind1=" " ind2=" " tag="653">
      <marc:subfield code="a">Stephansdom</marc:subfield>
   </marc:datafield>
   <marc:datafield ind1=" " ind2=" " tag="653">
      <marc:subfield code="a">Prater</marc:subfield>
   </marc:datafield>
   <marc:datafield ind1="0" ind2="0" tag="245">
      <marc:subfield code="a">Baedeker Reiseführer Wien</marc:subfield>
   </marc:datafield>
   <marc:datafield ind1="0" ind2="0" tag="245">
      <marc:subfield code="b">mit praktischer Karte EASY ZIP</marc:subfield>
   </marc:datafield>
   <marc:datafield ind1="0" ind2="0" tag="245">
      <marc:subfield code="c">Walter M. Weiss</marc:subfield>
   </marc:datafield>
   <marc:datafield ind1=" " ind2="1" tag="264">
      <marc:subfield code="a">Ostfildern</marc:subfield>
      <marc:subfield code="b">Baedeker ein Imprint von MAIRDUMONT</marc:subfield>
      <marc:subfield code="c">2025</marc:subfield>
   </marc:datafield>
   <marc:datafield ind1="1" ind2=" " tag="490">
      <marc:subfield code="a">Baedeker Reiseführer</marc:subfield>
   </marc:datafield>
   <marc:datafield ind1=" " ind2=" " tag="250">
      <marc:subfield code="a">23. Auflage, Aktualisierte Nachauflage</marc:subfield>
   </marc:datafield>
   <marc:datafield ind1="1" ind2=" " tag="520">
      <marc:subfield code="a">Die Zeit der Kaiserinnen und Kaiser, den Flair historischer Architektur und den Charme der Opern und Theater verspürt man nirgends so sehr wie in Wien, der Hauptstadt von Österreich. Auf vier einzigartigen Touren zeigen wir Ihnen, was Sie in Ihrem Urlaub in Wien entdecken können und welche Sehenswürdigkeiten Sie keinesfalls verpassen sollten. Beginnen Sie mit einem Besuch des Stephansdom, der alten Hofburg und des Schloss Schönbrunn. Die Albertina und das Museumsquartier dürfen bei Ihrem Wochenendtrip natürlich auch nicht fehlen. Bei kleinem Hunger finden Sie sicherlich etwas auf dem Naschmarkt und bei Lust auf Action ist der Wiener Prater die beste Anlaufstelle. Unsere Reisetipps verraten, wo Sie das Besondere entdecken, auf der Donauinsel entlangspazieren oder dem Trubel der Stadt in einem der zahlreichen Kaffeehäuser mit einem Stück Sachertorte und einer Wiener Melange entfliehen können.

Unser Reiseführer Wien ist der perfekte Begleiter für zuhause und unterwegs! Und all das in 6 Kapiteln inklusive:

Wissenswertes über Wien und die facettenreichen Ausflugsziele der Stadt

Gliederung der wichtigsten Sehenswürdigkeiten von A bis Z, kompetente Sterne-Bewertung der Top-Ziele, übersichtliche Infografiken und spannende 3D-Darstellungen

Spannende Tourenvorschläge – Wien in vier verschiedenen Touren entspannt entdecken

Erleben &amp; Genießen in Wien, der Hauptstadt von Österreich – Empfehlungen unserer Autoren zu Hotels, Restaurants, Shopping und Entspannung

Fundierte Expertentipps zum Staunen, Durchatmen und Spaß haben sowie für ganz besondere Erlebnisse, die einfach nicht für Geld zu bekommen sind

Magische Momente für eine einzigartige Städtereise Wien – Kommen Sie zur rechten Zeit an den richtigen Ort und erleben Sie Unvergessliches

Spannende Hintergrundinfos zur Geschichte von Wien, zu Landschaft und Klima, Wirtschaft und Kultur, zu den Menschen und deren Alltag

Servicekapitel mit praktischen Informationen zur Urlaubsplanung, für die Vorbereitung der Reise und Wissenswertes vor Ort

 Dieser Reiseführer ist perfekt für Sie geeignet, wenn Sie …

 … sich einen Reiseführer mit einem hohen Maß an Urlaubsinspiration wünschen

… sich vor Ihrer Reise umfassend über Stadt und Leute informieren möchten

… Wert auf Kultur und Natur legen

… auf der Suche nach außergewöhnlichen Momenten sind

… Wien durch die kenntnisreichen Tipps unserer Experten entdecken möchten

… sich einen durchdachten Reiseführer für unterwegs und zuhause wünschen 
</marc:subfield>
   </marc:datafield>
   <marc:datafield ind1=" " ind2=" " tag="020">
      <marc:subfield code="a">9783575003119</marc:subfield>
      <marc:subfield code="9">9783575003119</marc:subfield>
   </marc:datafield>
   <marc:datafield ind1=" " ind2=" " tag="020">
      <marc:subfield code="a">3575003114</marc:subfield>
      <marc:subfield code="9">3575003114</marc:subfield>
   </marc:datafield>
   <marc:datafield ind1=" " ind2=" " tag="041">
      <marc:subfield code="a">ger</marc:subfield>
   </marc:datafield>
   <marc:datafield ind1=" " ind2=" " tag="300">
      <marc:subfield code="a">370 Seiten</marc:subfield>
   </marc:datafield>
</marc:record>
